000 00724nam a22002537a 4500
003 UA-OsUOA
001 47053
007 ta
008 20120530b un ||||| |||| 00| 0 ukr d
100 _aКоваленко Л.
090 _a82-3
_bК56
942 _cBK
040 _aUA-OsUOA
_bukr
_cUA-OsUOA
_dUA-OsUOA
245 _aПрорість.
300 _a255 с.
955 _a3
041 _aukr
080 _a82-3
260 _aВінніпег
_c1966
246 3 1 _aЧ.2
_nНаша не своя земля
650 7 _a82 Література. Літературознавство
_2UDC
999 _c427165
_d427165